Poňatia zachovania vlastného kapitálu a ich vplyv na oceňovanie majetku a záväzkov a na zisťovanie výsledku hospodárenia v účtovníctve podľa IFRS

Ocenenie vlastného kapitálu vo vývoji času ako jedna zo základných úloh účtovníctva. Poňatie vlastného kapitálu ako súčasť štruktúry koncepčného rámca IFRS. Definícia pojmu vlastného kapitálu, jeho vyčíslenie a vymedzenie poňatí zachovania vlastného kapitálu.

Salvato in:
Dettagli Bibliografici
Autore principale: Podmanická, Martina, 1977-
Natura: Capitolo di libro
Lingua:slovacco
Soggetti:
Tags: Aggiungi Tag
Nessun Tag, puoi essere il primo ad aggiungerne!!

MARC

LEADER 00000nla a2200000 4500
001 0180639
005 20240502073101.9
041 0 |a slo 
044 |a SK 
245 1 0 |a Poňatia zachovania vlastného kapitálu a ich vplyv na oceňovanie majetku a záväzkov a na zisťovanie výsledku hospodárenia v účtovníctve podľa IFRS  |c Martina Podmanická 
520 |a Ocenenie vlastného kapitálu vo vývoji času ako jedna zo základných úloh účtovníctva. Poňatie vlastného kapitálu ako súčasť štruktúry koncepčného rámca IFRS. Definícia pojmu vlastného kapitálu, jeho vyčíslenie a vymedzenie poňatí zachovania vlastného kapitálu. 
610 2 0 |a kapitál vlastný 
610 2 0 |a IFRS 
610 2 0 |a oceňovanie 
610 2 0 |a závierka účtovná konsolidovaná 
610 2 0 |a záväzky podniku 
610 2 0 |a majetok podnikový 
100 1 |a Podmanická, Martina, 1977-